The Process of Acetonitrile Synthesis over γ-Al[2]O[3] Promoted by Phosphoric Acid Catalysts; Procedia Chemistry; Vol. 10 : Chemistry and Chemical Engineering in XXI century

Detalles Bibliográficos
Parent link:Procedia Chemistry
Vol. 10 : Chemistry and Chemical Engineering in XXI century.— 2014.— [P. 108-113]
Autor Principal: Galanov S. I.
Autor Corporativo: Национальный исследовательский Томский политехнический университет (ТПУ) Институт природных ресурсов (ИПР) Кафедра технологии органических веществ и полимерных материалов (ТОВПМ)
Outros autores: Sidorova O. I., Gavrilenko M. A. Mikhail Alekseevich
Summary:Title screen
The influence of principal parameters (reaction temperature, ratio of acetic acid and ammonia, composition of reactionary mixture and promotion of catalysts) on the selectivity and yield of the desired product was studied in the reaction of catalytic acetonitrile synthesis by ammonolysis of acetic acid. The processing of [gamma]-Al[2]O[3] by phosphoric acid increases amount of the centers, on which carries out reaction of acetamide dehydration. The kinetic model of a limiting stage of reaction - the acetamide dehydration to acetonitrile was suggested. In the process of ammonolysis of acetic acid it was demonstrated that the use of catalysts promoted by phosphoric acid and ratio NH[3]:CH[3]COOH=(3-4):1 at temperatures of a reactor 360-390°С leads to the increase of acetonitrile productivity to 0.7-0.8 g/cm{3}·h and allows to minimize formation of by-products.
Режим доступа: по договору с организацией-держателем ресурса
Idioma:inglés
Publicado: 2014
Subjects:
Acceso en liña:http://dx.doi.org/10.1016/j.proche.2014.10.020
http://earchive.tpu.ru/handle/11683/35480
Formato: MixedMaterials Electrónico Capítulo de libro
KOHA link:https://koha.lib.tpu.ru/cgi-bin/koha/opac-detail.pl?biblionumber=639465

MARC

LEADER 00000nla2a2200000 4500
001 639465
005 20231214093941.0
035 |a (RuTPU)RU\TPU\network\3951 
035 |a RU\TPU\network\3950 
090 |a 639465 
100 |a 20150313a2014 k y0engy50 ba 
101 0 |a eng 
105 |a y z 100zy 
135 |a drcn ---uucaa 
181 0 |a i  
182 0 |a b 
200 1 |a The Process of Acetonitrile Synthesis over γ-Al[2]O[3] Promoted by Phosphoric Acid Catalysts  |f S. I. Galanov, O. I. Sidorova, M. A. Gavrilenko 
203 |a Text  |c electronic 
300 |a Title screen 
320 |a [References: р. 112-113 (12 tit.)] 
330 |a The influence of principal parameters (reaction temperature, ratio of acetic acid and ammonia, composition of reactionary mixture and promotion of catalysts) on the selectivity and yield of the desired product was studied in the reaction of catalytic acetonitrile synthesis by ammonolysis of acetic acid. The processing of [gamma]-Al[2]O[3] by phosphoric acid increases amount of the centers, on which carries out reaction of acetamide dehydration. The kinetic model of a limiting stage of reaction - the acetamide dehydration to acetonitrile was suggested. In the process of ammonolysis of acetic acid it was demonstrated that the use of catalysts promoted by phosphoric acid and ratio NH[3]:CH[3]COOH=(3-4):1 at temperatures of a reactor 360-390°С leads to the increase of acetonitrile productivity to 0.7-0.8 g/cm{3}·h and allows to minimize formation of by-products. 
333 |a Режим доступа: по договору с организацией-держателем ресурса 
461 0 |0 (RuTPU)RU\TPU\network\3889  |t Procedia Chemistry 
463 0 |0 (RuTPU)RU\TPU\network\3890  |t Vol. 10 : Chemistry and Chemical Engineering in XXI century  |o XV International Scientific Conference dedicated to Professor L. P. Kulyov, 26-29 May 2014, Tomsk, Russia  |f National Research Tomsk Polytechnic University (TPU)  |v [P. 108-113]  |d 2014 
610 1 |a электронный ресурс 
610 1 |a труды учёных ТПУ 
610 1 |a катализаторы 
610 1 |a синтез 
610 1 |a ацетонитрил 
610 1 |a оксид алюминия 
610 1 |a уксусная кислота 
610 1 |a ацетамид 
610 1 |a фосфорная кислота 
610 1 |a катализаторы 
610 1 |a catalyst 
610 1 |a synthesis of acetonitrile 
610 1 |a alumina 
610 1 |a acetic acid 
610 1 |a acetamide 
700 1 |a Galanov  |b S. I. 
701 1 |a Sidorova  |b O. I. 
701 1 |a Gavrilenko  |b M. A.  |c Chemist  |c Associate Professor of Tomsk Polytechnic University, Candidate of chemical sciences  |f 1971-  |g Mikhail Alekseevich  |3 (RuTPU)RU\TPU\pers\33857  |9 17446 
712 0 2 |a Национальный исследовательский Томский политехнический университет (ТПУ)  |b Институт природных ресурсов (ИПР)  |b Кафедра технологии органических веществ и полимерных материалов (ТОВПМ)  |3 (RuTPU)RU\TPU\col\18659 
801 2 |a RU  |b 63413507  |c 20161228  |g RCR 
856 4 |u http://dx.doi.org/10.1016/j.proche.2014.10.020 
856 4 |u http://earchive.tpu.ru/handle/11683/35480 
942 |c CF